书目信息 |
| 题名: |
AutoCAD 2012中文版建筑制图50例
|
|
| 作者: | 许小荣 , 宋喜忠 , 王宗舞 编著 | |
| 分册: | ||
| 出版信息: | 北京 电子工业出版社 2012.01 |
|
| 页数: | 328页 | |
| 开本: | 26cm | |
| 丛书名: | ||
| 单 册: | ||
| 中图分类: | TU204.21-39 | |
| 科图分类: | ||
| 主题词: | 建筑制图--AutoCAD软件 , 建筑制图 , AutoCAD软件 | |
| 电子资源: | ||
| ISBN: | 978-7-121-15283-2 | |
| 000 | 00975oam2 2200301 450 | |
| 001 | 010010089054 | |
| 005 | 20130504154454.20 | |
| 010 | @a978-7-121-15283-2@dCNY49.80 | |
| 100 | @a20120228d2012 em y0chiy0110 ea | |
| 101 | 0 | @achi |
| 102 | @aCN@b110000 | |
| 105 | @ay z 000yy | |
| 106 | @ar | |
| 200 | 1 | @aAutoCAD 2012中文版建筑制图50例@9AutoCAD 2012 zhong wen ban jian zhu zhi tu 50 li@f许小荣,宋喜忠,王宗舞等编著 |
| 210 | @a北京@c电子工业出版社@d2012.01 | |
| 215 | @a328页@d26cm | |
| 300 | @a应用实例系列 | |
| 307 | @a附光盘:ISBN 978-7-89432-170-1 | |
| 330 | @a本书介绍了利用AutoCAD 2012中文版进行建筑图纸绘制的各种技术和方法。 | |
| 606 | 0 | @a建筑制图@xAutoCAD软件 |
| 606 | 0 | @a建筑制图 |
| 606 | 0 | @aAutoCAD软件 |
| 690 | @aTU204.21-39@v5 | |
| 701 | 0 | @a许小荣@9xu xiao rong@4编著 |
| 701 | 0 | @a宋喜忠@9song xi zhong@f(1977~)@4编著 |
| 701 | 0 | @a王宗舞@9wang zong wu@4编著 |
| 801 | 0 | @aCN@bNLC@c20120330 |
| 905 | @b542736-40@dTU204.21-39@e558@f5 | |
| AutoCAD 2012中文版建筑制图50例/许小荣,宋喜忠,王宗舞等编著.-北京:电子工业出版社,2012.01 |
| 328页;26cm |
| 应用实例系列 |
| ISBN 978-7-121-15283-2:CNY49.80 |
| 本书介绍了利用AutoCAD 2012中文版进行建筑图纸绘制的各种技术和方法。 |
| ● |
| 相关链接 |
|
|
|
|
正题名:AutoCAD 2012中文版建筑制图50例
索取号:TU204.21-39/558
 
预约/预借
| 序号 | 登录号 | 条形码 | 馆藏地/架位号 | 状态 | 备注 |
| 1 | 542736 | 205427368 | 第二样本阅览室/ [索取号:TU204.21-39/558] | 在馆 | |
| 2 | 542737 | 205427377 | 第三借阅区/ [索取号:TU204.21-39/558] | 在馆 | |
| 3 | 542738 | 205427386 | 第三借阅区/ [索取号:TU204.21-39/558] | 在馆 | |
| 4 | 542739 | 205427395 | 第三借阅区/ [索取号:TU204.21-39/558] | 在馆 | |
| 5 | 542740 | 205427402 | 第三借阅区/ [索取号:TU204.21-39/558] | 在馆 |